Society of Chief Quantity Surveyors (Record no. 119954)

MARC details
000 -LEADER
fixed length control field 00790cam a2200181 4500
001 - CONTROL NUMBER
control field WS115640
008 - FIXED-LENGTH DATA ELEMENTS--GENERAL INFORMATION
fixed length control field 011120n 000 0 eng u
035 ## - SYSTEM CONTROL NUMBER
System control number (Sirsi) u115640
110 ## - MAIN ENTRY--CORPORATE NAME
Corporate name or jurisdiction name as entry element Society of Chief Quantity Surveyors in Local Government
9 (RLIN) 3033
245 ## - TITLE STATEMENT
Title Society of Chief Quantity Surveyors
520 ## - SUMMARY, ETC.
Summary, etc. Web site for this organisation which represents chartered surveyors occupying the principal established posts concerning quantity surveying or related functions in the public sector. Includes a directory of members and details of publications.
650 ## - SUBJECT ADDED ENTRY--TOPICAL TERM
Topical term or geographic name entry element ORGANISATION
650 ## - SUBJECT ADDED ENTRY--TOPICAL TERM
Topical term or geographic name entry element PUBLIC SECTOR
650 ## - SUBJECT ADDED ENTRY--TOPICAL TERM
Topical term or geographic name entry element QUANTITY SURVEYORS
690 ## - LOCAL SUBJECT ADDED ENTRY--TOPICAL TERM (OCLC, RLIN)
Topical term or geographic name as entry element BUILT ENVIRONMENT
856 40 - ELECTRONIC LOCATION AND ACCESS
Uniform Resource Identifier <a href="https://www.scqs.org.uk">https://www.scqs.org.uk</a>
Public note View the website free of charge at www.scqs.org.uk...
942 ## - ADDED ENTRY ELEMENTS (KOHA)
Suppress in OPAC 0
Holdings
Withdrawn status Lost status Source of classification or shelving scheme Damaged status Not for loan Home library Current library Shelving location Date acquired Total Checkouts Full call number Barcode Date last seen Copy number Price effective from Koha item type
    Dewey Decimal Classification     Virtual Virtual Online 20/11/2001   WEB SITE 115640-2001 06/08/2019 1 06/08/2019 Online material